Statistiques concernant Espagnol Vocabulaire Politique

Cliquez ici pour prendre le quiz!

Statistiques générales

  • Ce quiz a été pris 20 fois
  • Le résultat moyen est 13 sur 104

Statistiques - réponses

HintRéponse% Correct
le pacteel pacto
54%
bloquerbloquear
46%
socialistesocialista
46%
s'équilibrerequilibrarse
38%
nuancématizado
38%
voter pour (1)votar por
38%
s'allier avecaliarse con
31%
appuyer (= soutenir)apoyar
31%
l'accordel acuerdo
31%
le vote, la voixel voto
31%
nuancéematizada
31%
frapper, fouetterazotar
23%
paralyser (2)colapsar
23%
le blocageel bloqueo
23%
l'effondrement (1)el desplome
23%
la nuanceel matiz
23%
le partisantel partidario
23%
le bras de ferel pulso
23%
l'alliancela alianza
23%
faire un pacte avecpactar con
23%
soutenir (= appuyer)respaldar
23%
gâcher, gaspiller (2)arruinar
15%
tourmenteratormentar
15%
bénéficier à, profiter à,
servir
beneficiar
15%
changer la donnecambiar el juego
15%
décollerdespegar
15%
divisédividido
15%
le fléauel azote
15%
la paralysie (2)el colapso
15%
le match nulel empate
15%
l'équilibreel equilibrio
15%
le siège (député)
(ñ = ALT + 164)
el escaño
15%
la floraison, l'épanouissementel florecimiento
15%
le repliel repliegue
15%
l'échiquier politique
(í = ALT + 161)
el tablero político
15%
faire match nulempatar
15%
sur Internet (1)en la red
15%
sur Internet (2)en la web
15%
réduire en mietteshacer trizas
15%
faire pencher la balanceinclinar la balanza
15%
la maturitéla madurez
15%
la paralysie
(á = ALT + 160)
la parálisis
15%
les sables mouvantslas arenas movedizas
15%
les fake newslos bulos
15%
faire obstacle, entraver (2)obstaculizar
15%
prévaloir, l'emporterprevalecer
15%
subir un reverssufrir un revés
15%
voter pour (2)
(en deux mots, dont le premier
est le même que pour le 1)
votar a
15%
engloberabarcar
8%
s'abstenirabstenerse
8%
tout seul(es)a solas
8%
tirer parti de, bénéficier debeneficiarse de
8%
comparé àcomparado con
8%
obtenir (2)conseguir
8%
dévastateurdemoledor
8%
dévastatricedemoledorra
8%
s'effondrer (3)derrumbarse
8%
s'effriter, s'écrouler,
s'effondrer
desmoronarse
8%
gâcher, gaspiller (1)desperdiciar
8%
monter en flèche, exploserdispararse
8%
l'analphabétisme, l'illetrismeel analfabetismo
8%
le terreau fertile
ex: le terreau fertile à l'émergence
de mouvements extrémistes
el caldo de cultivo
8%
l'effondrement (3)el derrumbe
8%
le décollageel despegue
8%
l’électoratel electorado
8%
l'effondrement (2)el hundimiento
8%
l'opposantel opositor
8%
le parti au pouvoirel partido gobernante
8%
le prismeel prisma
8%
le reculel retroceso
8%
le terreau fertile (2)el terreno abonado
8%
le vide, la lacune
í = ALT + 161
el vacío
8%
sur Internet (3)en internet
8%
fragmentéfragmentado
8%
s'effondrer (2)hundirse
8%
l'abstention
(ó = ALT + 162)
la abstención
8%
la carence, le manquela carencia
8%
le bon sensla sensatez
8%
obtenir (1)lograr
8%
gâcher, gaspiller (3)malgastar
8%
répartir, distribuerrepartir
8%
par rapport à
(con [...] est aussi possible)
respecto a
8%
reculerretroceder
8%
saper,minersocavar
8%
totalisersumar
8%
s'engager àcomprometerse a
0%
en ce qui concernecon respecto a
0%
contrecarrer, neutralisercontarrestar
0%
flirter avec
(ex : [...] un partido)
coquetear con
0%
s'effondrer (1)desplomarse
0%
faire obstacle, entraver (1)dificultar
0%
le dysfonctionnementel desajuste
0%
l'approche, la méthodeel enfoque
0%
l'environnement, le cadre, le milieuel entorno
0%
la répartitionel reparto
0%
le tissu, le tissageel tejido
0%
en quelque sorteen cierto modo
0%
en touten total
0%
le déficit, l'insuffisancela deficiencia
0%
le sillagela estela
0%
les cercleslos corrillos
0%
paralyserparalizar
0%
faire obstacle, entraver (3)poner trabas
0%
sain, en forme
(valable pour l'environnement d'un pays)
saludable
0%

Distribution des résultats

Percentile par nombre de réponses

% des personnes avec chaque résultat

Votre développement - résultats

Vous n’avez pas pris ce quiz